000 00546nam a2200169 a 4500
001 000017804
005 20220602123847.0
008 100406s1979 dr 000 0 spa d
040 _aDO-SdBNP
_bspa
_cBNPHU
082 _axxx
_bG934e
100 _aGuerrero, Miguel,
_d1945-
_914303
245 1 0 _aEn la tierra prometida :
_b(reportajes sobre Israel) /
_cMiguel Guerrero.
260 _aSanto Domingo :
_bEditora del Caribe,
_c1979.
300 _a111 p. ;
_c23 cm.
500 _aIncluye datos biográficos del autor en la contraportada
049 _aBNPD
999 _c17329
_d17329